| 000 | 02033nam0a2200349 4500 | ||
|---|---|---|---|
| 001 | RU\NLR\bibl\1229337 | ||
| 005 | 20241119160936.0 | ||
| 020 |
_aRU _b07-28813 _9Летопись авторефератов диссертаций |
||
| 021 |
_aRU _b2007-21002а _9841а |
||
| 035 | _a(NLR Aleph) 001215625 | ||
| 090 |
_a105945 _c105945 |
||
| 100 | _a20080111d2007 u u0rusy50 ca | ||
| 101 | 0 | _arus | |
| 102 | _aRU | ||
| 105 | _aa dm ||||| | ||
| 200 | 1 |
_aЭкономическая оценка эффективности инновационной деятельности предприятий железнодорожного транспорта _e(на примере филиала ОАО "РЖД" - Дальневосточной железной дороги) _eавтореф. дис. на соиск. учен. степ. канд. экон. наук _eспециальность 08.00.05 <Экономика и упр. нар. хоз-вом> _fШишмаков Станислав Владимирович _g[Дальневост. гос. ун-т путей сообщ.] |
|
| 210 |
_aХабаровск _d2007 |
||
| 215 |
_a23 с. _cил. _d21 |
||
| 320 | _aБиблиогр.: с. 23 (12 назв.) | ||
| 610 | 0 | _aДальневосточная ж. д., экон. науки | |
| 675 |
_a656.2(571.6) _v3 _zrus |
||
| 686 |
_a73.29 _2rugasnti |
||
| 686 |
_a39.2 _2rubbk |
||
| 686 |
_a08.00.05 _2oksvnk |
||
| 700 | 1 |
_aШишмаков _bС. В. _gСтанислав Владимирович _4070 |
|
| 801 | 0 |
_aRU _bRKP _c20080111 _gPSBO |
|
| 801 | 1 |
_aRU _bRKP _c20080111 |
|
| 801 | 2 |
_aRU _bNLR _c20080519 _grcr |
|
| 901 | _eАвторефераты | ||
| 942 | _cBOOK | ||
| 981 | 1 | 0 |
_a(10) Авторефераты _b(10) 08.00.00 Экономические науки _b08.00.05 Экономика и управление народным хозяйством (по отраслям и сферам деятельности) |